<?xml version="1.0" encoding="UTF-8"?>
<record
    xmlns:xsi="http://www.w3.org/2001/XMLSchema-instance"
    xsi:schemaLocation="http://www.loc.gov/MARC21/slim http://www.loc.gov/standards/marcxml/schema/MARC21slim.xsd"
    xmlns="http://www.loc.gov/MARC21/slim">

  <leader>00322nam a2200133 a 4500</leader>
  <controlfield tag="005">20210219152806.0</controlfield>
  <controlfield tag="008">991125n        dis           000 0 spa u</controlfield>
  <datafield tag="022" ind1=" " ind2=" ">
    <subfield code="a">0186-8165</subfield>
  </datafield>
  <datafield tag="035" ind1=" " ind2=" ">
    <subfield code="a">UPN01000061372</subfield>
  </datafield>
  <datafield tag="245" ind1="0" ind2="0">
    <subfield code="a">PRESENCIA EDUCATIVA</subfield>
  </datafield>
  <datafield tag="260" ind1=" " ind2=" ">
    <subfield code="a">Distrito Federal, Me&#xE9;xic</subfield>
  </datafield>
  <datafield tag="310" ind1=" " ind2=" ">
    <subfield code="a">Irregular</subfield>
  </datafield>
  <datafield tag="905" ind1=" " ind2=" ">
    <subfield code="a">Revista</subfield>
  </datafield>
  <datafield tag="952" ind1=" " ind2=" ">
    <subfield code="0">0</subfield>
    <subfield code="1">0</subfield>
    <subfield code="2">lcc</subfield>
    <subfield code="4">0</subfield>
    <subfield code="7">21</subfield>
    <subfield code="8">PP</subfield>
    <subfield code="a">BCUPN50</subfield>
    <subfield code="b">BCUPN50</subfield>
    <subfield code="c">PP</subfield>
    <subfield code="h">v. 2, no. 9, 1976</subfield>
    <subfield code="l">0</subfield>
    <subfield code="p">6137250</subfield>
    <subfield code="r">2020-12-31 00:00:00</subfield>
    <subfield code="t">1</subfield>
    <subfield code="y">REV-I</subfield>
  </datafield>
  <datafield tag="952" ind1=" " ind2=" ">
    <subfield code="0">0</subfield>
    <subfield code="1">0</subfield>
    <subfield code="2">lcc</subfield>
    <subfield code="4">0</subfield>
    <subfield code="7">21</subfield>
    <subfield code="8">PP</subfield>
    <subfield code="a">BCUPN50</subfield>
    <subfield code="b">BCUPN50</subfield>
    <subfield code="c">PP</subfield>
    <subfield code="h">v. 2, no. 10, 1976</subfield>
    <subfield code="l">0</subfield>
    <subfield code="p">6137260</subfield>
    <subfield code="r">2020-12-31 00:00:00</subfield>
    <subfield code="t">1</subfield>
    <subfield code="y">REV-I</subfield>
  </datafield>
  <datafield tag="952" ind1=" " ind2=" ">
    <subfield code="0">0</subfield>
    <subfield code="1">0</subfield>
    <subfield code="2">lcc</subfield>
    <subfield code="4">0</subfield>
    <subfield code="7">21</subfield>
    <subfield code="8">PP</subfield>
    <subfield code="a">BCUPN50</subfield>
    <subfield code="b">BCUPN50</subfield>
    <subfield code="c">PP</subfield>
    <subfield code="h">v. 2, no. 11, 1976</subfield>
    <subfield code="l">0</subfield>
    <subfield code="p">6137270</subfield>
    <subfield code="r">2020-12-31 00:00:00</subfield>
    <subfield code="t">1</subfield>
    <subfield code="y">REV-I</subfield>
  </datafield>
  <datafield tag="952" ind1=" " ind2=" ">
    <subfield code="0">0</subfield>
    <subfield code="1">0</subfield>
    <subfield code="2">lcc</subfield>
    <subfield code="4">0</subfield>
    <subfield code="7">21</subfield>
    <subfield code="8">PP</subfield>
    <subfield code="a">BCUPN50</subfield>
    <subfield code="b">BCUPN50</subfield>
    <subfield code="c">PP</subfield>
    <subfield code="h">no. 1, 1975</subfield>
    <subfield code="l">0</subfield>
    <subfield code="p">6137210</subfield>
    <subfield code="r">2020-12-31 00:00:00</subfield>
    <subfield code="t">1</subfield>
    <subfield code="y">REV-I</subfield>
  </datafield>
  <datafield tag="952" ind1=" " ind2=" ">
    <subfield code="0">0</subfield>
    <subfield code="1">0</subfield>
    <subfield code="2">lcc</subfield>
    <subfield code="4">0</subfield>
    <subfield code="7">21</subfield>
    <subfield code="8">PP</subfield>
    <subfield code="a">BCUPN50</subfield>
    <subfield code="b">BCUPN50</subfield>
    <subfield code="c">PP</subfield>
    <subfield code="h">no. 2, 1975</subfield>
    <subfield code="l">0</subfield>
    <subfield code="p">6137220</subfield>
    <subfield code="r">2020-12-31 00:00:00</subfield>
    <subfield code="t">1</subfield>
    <subfield code="y">REV-I</subfield>
  </datafield>
  <datafield tag="952" ind1=" " ind2=" ">
    <subfield code="0">0</subfield>
    <subfield code="1">0</subfield>
    <subfield code="2">lcc</subfield>
    <subfield code="4">0</subfield>
    <subfield code="7">21</subfield>
    <subfield code="8">PP</subfield>
    <subfield code="a">BCUPN50</subfield>
    <subfield code="b">BCUPN50</subfield>
    <subfield code="c">PP</subfield>
    <subfield code="h">no. 3, 1975</subfield>
    <subfield code="l">0</subfield>
    <subfield code="p">6137230</subfield>
    <subfield code="r">2020-12-31 00:00:00</subfield>
    <subfield code="t">1</subfield>
    <subfield code="y">REV-I</subfield>
  </datafield>
  <datafield tag="952" ind1=" " ind2=" ">
    <subfield code="0">0</subfield>
    <subfield code="1">0</subfield>
    <subfield code="2">lcc</subfield>
    <subfield code="4">0</subfield>
    <subfield code="7">21</subfield>
    <subfield code="8">PP</subfield>
    <subfield code="a">BCUPN50</subfield>
    <subfield code="b">BCUPN50</subfield>
    <subfield code="c">PP</subfield>
    <subfield code="h">v. 2, no. 8, 1976</subfield>
    <subfield code="l">0</subfield>
    <subfield code="p">6137240</subfield>
    <subfield code="r">2020-12-31 00:00:00</subfield>
    <subfield code="t">1</subfield>
    <subfield code="y">REV-I</subfield>
  </datafield>
  <datafield tag="999" ind1=" " ind2=" ">
    <subfield code="c">60945</subfield>
    <subfield code="d">60945</subfield>
  </datafield>
</record>
